000 02100nam a2200337 4500
003 OSt
005 20240506144437.0
007 cr ||||||||c|a
008 240503s2024 mx |||fom||| 001 0 spa d
040 _erda
100 1 _9189059
_aGaona Vences, Ammisaddai
245 1 0 _aSíntesis, dopaje y caracterización mecánica de nanotubos de óxido de titanio para posibles aplicaciones biomédicas /
_cpor Ammisaddai Gaona Vences; dirección Max Fernando Flores Jiménez; secretario José Manuel Rabelo Miranda; vocal Jaime Abraham Ríos Díaz; suplente Humberto Sebastián García; suplente Carlos Alfonso Quintero Nieto
264 1 _aChapingo, México :
_bEl autor,
_c2024.
300 _a1 recurso en línea (43 páginas):
_bIlustraciones, cuadros, gráficas
336 _2rdacontent
_atexto
_btxt
337 _2rdamedia
_acomputadora
_bc
338 _2rdacarrier
_arecurso en línea
_bcr
502 _bIMAg
_cMecánica
_d2024.
_gLIC
504 _aIncluye referencias bibliográficas: páginas 36-43
650 4 _9147771
_aTratamiento térmico
650 4 _9125347
_aMateriales biomédicos
650 4 _9145359
_aIngeniería biomédica
650 4 _9159133
_aMateriales
_xPropiedades mecánicas
700 1 _941598
_aFlores Jiménez, Max Fernando
_eDirector de tesis
700 1 _993628
_aRabelo Miranda, José Manuel
_eSecretario
700 1 _9189032
_aRíos Díaz, Jaime Abraham
_eVocal
700 1 _9130101
_aSebastián García, Humberto
_eSuplente
700 1 _9135535
_aQuintero Nieto, Carlos Alfonso
_eSuplente
856 _uhttp://10.13.5.2/tesis/tl/1510791-2_GAONA_VENCES_AMMISADDAI.pdf
_zDESCARGAR PDF
942 _2Clasificación Universidad Autónoma Chapingo
_cTD
999 _c219900
_d219900